[Event "Junior Online 4NCL Division 4"]
[Site "online"]
[Date "2020.06.04"]
[Round "8.16"]
[White "Epstein, Jacob"]
[Black "Hurrell, Theo DR"]
[Result "1-0"]
[WhiteElo "1427"]
[BlackElo "1375"]
[PlyCount "81"]
[EventDate "2020.06.04"]
[WhiteTeam "Cheshire8Y"]
[BlackTeam "Watford 2"]

1. e4 e5 2. Nf3 Nc6 3. Bc4 Nf6 4. d3 Bc5 5. Bg5 h6 6. Bh4 d6 7. Nc3 Bg4 8. Nd5
Qe7 9. Nxe7 Kxe7 10. h3 Bh5 11. Qd2 Rhe8 12. Bxf6+ gxf6 13. g4 Bg6 14. O-O-O
Kf8 15. Qxh6+ Ke7 16. Kb1 Rh8 17. Qd2 Bb4 18. Qe2 Rae8 19. Bb5 Kd7 20. d4 a6
21. Bxc6+ Kxc6 22. d5+ Kd7 23. Qc4 Bc5 24. Rd2 Kc8 25. a3 Bxf2 26. Rxf2 Re7 27.
Ng1 Bh7 28. Ne2 Bg8 29. Ng3 Bh7 30. Nf5 Ree8 31. Qe2 Reg8 32. Ne7+ Kb8 33. Nxg8
Rxg8 34. Rxf6 Rg7 35. Qe3 Kc8 36. Rhf1 Bg8 37. Qh6 Rh7 38. Qg5 Rh8 39. Qg7 Rxh3
40. Qxg8+ Kd7 41. Rxf7# 1-0

[Event "Junior Online 4NCL Division 4"]
[Site "online"]
[Date "2020.06.04"]
[Round "8.17"]
[White "Demjan, Denisz"]
[Black "Jia, Ethan"]
[Result "1/2-1/2"]
[WhiteElo "1345"]
[BlackElo "1315"]
[PlyCount "122"]
[EventDate "2020.06.04"]
[WhiteTeam "Watford 2"]
[BlackTeam "Cheshire8Y"]

1. Nf3 Nf6 2. Nc3 Nc6 3. d4 d5 4. Bg5 Bf5 5. a3 e6 6. e3 a6 7. Bd3 Bg6 8. Bxg6
hxg6 9. Qd2 Bd6 10. h3 Qe7 11. h4 Qd7 12. Qe2 Ne4 13. Nxe4 dxe4 14. Nd2 f6 15.
Bf4 Bxf4 16. exf4 Nxd4 17. Qxe4 f5 18. Qd3 Qd6 19. g3 e5 20. O-O-O e4 21. Qe3
Qc5 22. c3 Ne6 23. Nb3 Qxe3+ 24. fxe3 Ke7 25. Nd4 Nxd4 26. Rxd4 Rad8 27. Rhd1
c5 28. Rd5 b6 29. Re5+ Kf6 30. Rdd5 Rhe8 31. Rxe8 Rxe8 32. Rd6+ Re6 33. Rd5 Ke7
34. Kc2 Rd6 35. Re5+ Re6 36. Rxe6+ Kxe6 37. Kb3 b5 38. c4 Kd6 39. a4 b4 40. Kc2
Kc6 41. b3 Kd7 42. Kd2 Ke7 43. Ke2 Kf8 44. Kf2 Kg8 45. Kg2 Kh7 46. Kh3 Kh6 47.
Kg2 Kh5 48. Kf2 Kg4 49. Kg2 Kh5 50. Kh3 Kh6 51. g4 Kh7 52. h5 gxh5 53. gxh5 Kh6
54. Kh4 g6 55. hxg6 Kxg6 56. Kh3 Kh5 57. Kg3 a5 58. Kh3 Kg6 59. Kh4 Kh6 60. Kg3
Kg6 61. Kh4 Kh6 1/2-1/2

[Event "Junior Online 4NCL Division 4"]
[Site "online"]
[Date "2020.06.04"]
[Round "8.21"]
[White "Wang, Yong Gui"]
[Black "Guha, Anuraag"]
[Result "1-0"]
[WhiteElo "1600"]
[BlackElo "1277"]
[PlyCount "67"]
[EventDate "2020.06.04"]
[WhiteTeam "KJCA Young Kestrels D"]
[BlackTeam "Warwickshire Bears E"]

1. e4 e5 2. Nf3 Nc6 3. Bc4 Nf6 4. Ng5 d5 5. exd5 Nxd5 6. Nxf7 Kxf7 7. Qf3+ Ke6
8. Nc3 Nd4 9. Bxd5+ Kd6 10. Qd1 c6 11. Be4 Nf5 12. d3 Qb6 13. O-O Nd4 14. Rb1
Be6 15. Be3 Bxa2 16. Nxa2 c5 17. c3 Nb5 18. Nb4 a5 19. Nc2 Qa6 20. f4 Be7 21.
fxe5+ Kxe5 22. Qh5+ Kd6 23. Bf4+ Kd7 24. Qg4+ Qe6 25. Bf5 Qxf5 26. Qxf5+ Ke8
27. c4 Nd6 28. Bxd6 Bxd6 29. Rbe1+ Kd8 30. Qd5 Kc7 31. Re6 Rad8 32. Rf7+ Be7
33. Rfxe7+ Kc8 34. Qxb7# 1-0

[Event "Junior Online 4NCL Division 4"]
[Site "online"]
[Date "2020.06.04"]
[Round "8.22"]
[White "Vaidyanathan, Sathya"]
[Black "Sagar, Aneesh"]
[Result "0-1"]
[WhiteElo "1292"]
[BlackElo "1607"]
[PlyCount "98"]
[EventDate "2020.06.04"]
[WhiteTeam "Warwickshire Bears E"]
[BlackTeam "KJCA Young Kestrels D"]

1. e4 e5 2. Nf3 Nc6 3. Nc3 Bc5 4. Bc4 Nf6 5. d3 O-O 6. Bg5 Bb4 7. O-O d6 8. h3
Be6 9. Nd5 Bxd5 10. exd5 Na5 11. a3 Nxc4 12. dxc4 Ba5 13. b4 Bb6 14. a4 a5 15.
b5 h6 16. Bh4 Qe7 17. Re1 Rac8 18. Rc1 c6 19. Re4 Bxf2+ 20. Kh1 Bxh4 21. Rxh4
cxd5 22. cxd5 e4 23. Nd2 e3 24. Nf3 e2 25. Qe1 Nxd5 26. Rd4 Nf6 27. c4 Rfe8 28.
Rc2 d5 29. Ng1 dxc4 30. Rxe2 Qb4 31. Rxe8+ Rxe8 32. Qxb4 axb4 33. Rxc4 b3 34.
Rb4 Re3 35. Kh2 Nd5 36. Rd4 b2 37. Rd1 Nc3 38. Rd8+ Kh7 39. Rb8 b1=Q 40. Rxb7
Nxa4 41. Rxf7 Qxb5 42. Rf2 Qe5+ 43. g3 Nc3 44. Nf3 Rxf3 45. Rxf3 Qe2+ 46. Kg1
Qxf3 47. g4 Ne2+ 48. Kh2 Qg3+ 49. Kh1 Qg1# 0-1

[Event "Junior Online 4NCL Division 4"]
[Site "online"]
[Date "2020.06.04"]
[Round "8.23"]
[White "Shkuratovskyi, Artemiy"]
[Black "Purushothaman, Amitesh"]
[Result "1-0"]
[WhiteElo "1547"]
[BlackElo "1285"]
[PlyCount "57"]
[EventDate "2020.06.04"]
[WhiteTeam "KJCA Young Kestrels D"]
[BlackTeam "Warwickshire Bears E"]

1. e4 c5 2. Nf3 e6 3. d4 cxd4 4. Nxd4 Nc6 5. Nxc6 bxc6 6. Nc3 Qc7 7. Bd3 Nf6 8.
O-O Be7 9. Re1 d6 10. Be3 Bb7 11. Qd2 O-O 12. Ne2 c5 13. Ng3 Bc6 14. Bg5 h6 15.
Bxf6 Bxf6 16. c3 Rab8 17. Nh5 Be7 18. c4 Rb7 19. Qc3 e5 20. f4 Rfb8 21. b3 a5
22. fxe5 dxe5 23. Rf1 f6 24. Qd2 a4 25. Bc2 Rd8 26. Qf2 axb3 27. axb3 Qd7 28.
Qg3 Bd6 29. Nxf6+ 1-0

[Event "Junior Online 4NCL Division 4"]
[Site "online"]
[Date "2020.06.04"]
[Round "8.24"]
[White "Gibara, Astrid"]
[Black "Sanka, Amit Aryan"]
[Result "0-1"]
[WhiteElo "1187"]
[BlackElo "1562"]
[PlyCount "144"]
[EventDate "2020.06.04"]
[WhiteTeam "Warwickshire Bears E"]
[BlackTeam "KJCA Young Kestrels D"]

1. e4 e6 2. Nc3 c5 3. d4 Nc6 4. d5 exd5 5. exd5 Nd4 6. b4 d6 7. bxc5 dxc5 8.
Nf3 Qa5 9. Bd2 Bg4 10. Be2 Qd8 11. Nxd4 cxd4 12. Nb5 Bxe2 13. Qxe2+ Be7 14. Bf4
Qa5+ 15. Bd2 Qb6 16. d6 d3 17. cxd3 Qxb5 18. dxe7 Nxe7 19. O-O Qd7 20. Bg5 f6
21. Bd2 O-O 22. Bb4 Rfe8 23. Rfe1 Nc6 24. Qd2 Nxb4 25. Qxb4 b6 26. a4 Rxe1+ 27.
Rxe1 Qxd3 28. Re3 Rc8 29. Qe1 Qd7 30. g3 Qxa4 31. h3 h6 32. Kg2 Qc6+ 33. f3
Qc2+ 34. Re2 Re8 35. Kf2 Qc5+ 36. Kf1 Rxe2 37. Qxe2 Qc1+ 38. Kf2 Qc5+ 39. Kf1
Qc6 40. Qa2+ Kh7 41. f4 Qf3+ 42. Kg1 Qxg3+ 43. Kf1 Qxh3+ 44. Ke1 Qe3+ 45. Kd1
Qd4+ 46. Kc1 Qxf4+ 47. Kd1 Qd6+ 48. Ke2 Qc7 49. Qe6 Qe5+ 50. Qxe5 fxe5 51. Ke3
a5 52. Ke4 a4 53. Kd3 a3 54. Kc2 e4 55. Kb3 e3 56. Kxa3 e2 57. Kb4 e1=Q+ 58.
Kb5 Qb1+ 59. Kc6 Qb4 60. Kb7 Kg6 61. Kc7 Kf6 62. Kb7 Ke6 63. Ka6 Qa5+ 64. Kb7
Kd7 65. Kb8 Qc5 66. Kb7 Qc6+ 67. Ka6 b5+ 68. Ka7 b4 69. Kb8 b3 70. Ka7 b2 71.
Kb8 b1=Q+ 72. Ka7 Qbb7# 0-1

[Event "Junior Online 4NCL Division 4"]
[Site "online"]
[Date "2020.06.04"]
[Round "8.25"]
[White "Guha, Anuraag"]
[Black "Wang, Yong Gui"]
[Result "0-1"]
[WhiteElo "1277"]
[BlackElo "1600"]
[PlyCount "50"]
[EventDate "2020.06.04"]
[WhiteTeam "Warwickshire Bears E"]
[BlackTeam "KJCA Young Kestrels D"]

1. e4 e6 2. Nf3 d5 3. e5 c5 4. d4 Nc6 5. c3 Qb6 6. b3 Nge7 7. c4 Nf5 8. dxc5
Bxc5 9. cxd5 Bxf2+ 10. Ke2 exd5 11. Qxd5 Bd4 12. Nxd4 Ncxd4+ 13. Kd3 Be6 14.
Qf3 Nxf3 15. gxf3 Qd4+ 16. Kc2 Qxa1 17. Bb5+ Bd7 18. Bxd7+ Kxd7 19. Rd1+ Ke7
20. Bb2 Rac8+ 21. Kd2 Qxb2+ 22. Ke1 Rhd8 23. Nd2 Rc1 24. Ke2 Rxd1 25. Kxd1
Qxd2# 0-1

[Event "Junior Online 4NCL Division 4"]
[Site "online"]
[Date "2020.06.04"]
[Round "8.26"]
[White "Sagar, Aneesh"]
[Black "Vaidyanathan, Sathya"]
[Result "1-0"]
[WhiteElo "1607"]
[BlackElo "1292"]
[PlyCount "43"]
[EventDate "2020.06.04"]
[WhiteTeam "KJCA Young Kestrels D"]
[BlackTeam "Warwickshire Bears E"]

1. e4 e5 2. Nf3 Nc6 3. Bc4 Bc5 4. c3 Nf6 5. d4 exd4 6. e5 dxc3 7. exf6 Qxf6 8.
Nxc3 Qe7+ 9. Ne2 Bb4+ 10. Bd2 Bxd2+ 11. Qxd2 O-O 12. O-O Re8 13. Nc3 Na5 14.
Nd5 Qc5 15. Rfe1 Rxe1+ 16. Rxe1 h6 17. Re8+ Kh7 18. Qc2+ g6 19. Nf6+ Kg7 20.
Qc3 Qxc4 21. Nh5+ Kh7 22. Qg7# 1-0

[Event "Junior Online 4NCL Division 4"]
[Site "online"]
[Date "2020.06.04"]
[Round "8.27"]
[White "Purushothaman, Amitesh"]
[Black "Shkuratovskyi, Artemiy"]
[Result "1-0"]
[WhiteElo "1285"]
[BlackElo "1547"]
[PlyCount "37"]
[EventDate "2020.06.04"]
[WhiteTeam "Warwickshire Bears E"]
[BlackTeam "KJCA Young Kestrels D"]

1. d4 d5 2. c4 c6 3. Nf3 Bg4 4. e3 g6 5. Nc3 Bg7 6. cxd5 cxd5 7. h3 Bxf3 8.
Qxf3 e6 9. Bb5+ Nc6 10. b3 Qa5 11. Bd2 Nge7 12. Nxd5 Qd8 13. Nxe7 Qxe7 14.
Bxc6+ bxc6 15. Qxc6+ Qd7 16. Qxa8+ Qd8 17. Qxd8+ Kxd8 18. O-O Ke7 19. Bb4+ 1-0

[Event "Junior Online 4NCL Division 4"]
[Site "online"]
[Date "2020.06.04"]
[Round "8.28"]
[White "Sanka, Amit Aryan"]
[Black "Gibara, Astrid"]
[Result "1-0"]
[WhiteElo "1562"]
[BlackElo "1187"]
[PlyCount "83"]
[EventDate "2020.06.04"]
[WhiteTeam "KJCA Young Kestrels D"]
[BlackTeam "Warwickshire Bears E"]

1. Nf3 Nc6 2. e3 e5 3. c4 d6 4. Nc3 Bf5 5. Be2 Nb4 6. d3 e4 7. dxe4 Be6 8. Qa4+
Nc6 9. Nd4 Bd7 10. Nxc6 Bxc6 11. Qc2 Nf6 12. O-O Qd7 13. b3 O-O-O 14. Nd5 Re8
15. Bd3 Qg4 16. Bb2 Nxe4 17. f3 Qh4 18. Bxe4 Be7 19. Bxg7 Rhg8 20. Nxe7+ Rxe7
21. Qc3 Qg5 22. Bxc6 f6 23. Bd5 Rgxg7 24. Qd2 c6 25. f4 Qg4 26. Bf3 Qg6 27.
Qxd6 Rxe3 28. Rad1 Rg8 29. Qd4 Rxf3 30. Qd7+ Kb8 31. Qd6+ Kc8 32. Qe6+ Kc7 33.
Rd7+ Kb6 34. c5+ Kxc5 35. Qc4+ Kb6 36. Qb4+ Ka6 37. Qxb7+ Ka5 38. Qxa7+ Kb4 39.
Qa4+ Kc3 40. Qc4+ Kb2 41. Rd2+ Ka3 42. Qa4# 1-0

[Event "Junior Online 4NCL Division 4"]
[Site "online"]
[Date "2020.06.04"]
[Round "8.31"]
[White "Cimurs, Alexander"]
[Black "Tathare, Rohan"]
[Result "0-1"]
[WhiteElo "1337"]
[BlackElo "1285"]
[PlyCount "34"]
[EventDate "2020.06.04"]
[WhiteTeam "Leicestershire Juniors 2"]
[BlackTeam "Watford 3"]

1. e4 d5 2. exd5 Nf6 3. Nc3 c6 4. d4 cxd5 5. Nf3 Nc6 6. Bb5 Qb6 7. h3 Bf5 8.
Bg5 h6 9. Bxf6 exf6 10. Nxd5 Qd8 11. Bxc6+ bxc6 12. Nc3 Bb4 13. O-O O-O 14. a3
Ba5 15. b4 Bc7 16. Nh4 Qd6 17. Nxf5 Qh2# 0-1

[Event "Junior Online 4NCL Division 4"]
[Site "online"]
[Date "2020.06.04"]
[Round "8.32"]
[White "George, Seb"]
[Black "Datoo, Noor"]
[Result "1-0"]
[WhiteElo "1285"]
[BlackElo "1307"]
[PlyCount "57"]
[EventDate "2020.06.04"]
[WhiteTeam "Watford 3"]
[BlackTeam "Leicestershire Juniors 2"]

1. e4 e5 2. Nf3 Nc6 3. Bb5 Nf6 4. Nc3 Bc5 5. d3 d6 6. Bc4 Be6 7. Be3 Bb6 8.
Bxb6 axb6 9. Bb3 d5 10. exd5 Bxd5 11. Nxd5 Nxd5 12. Qe2 Nf4 13. Qe4 O-O 14.
Nxe5 Nxe5 15. Qxf4 Re8 16. O-O Qe7 17. Rfe1 Ra5 18. d4 Qf6 19. Rxe5 Raxe5 20.
Bxf7+ Kxf7 21. Qxf6+ gxf6 22. dxe5 Rxe5 23. g4 Kg6 24. Kg2 Re2 25. Rc1 Kg5 26.
Kg3 h6 27. f4+ Kg6 28. f5+ Kg5 29. h4# 1-0

[Event "Junior Online 4NCL Division 4"]
[Site "online"]
[Date "2020.06.04"]
[Round "8.33"]
[White "Eradi, Madhav"]
[Black "Chadha, Ishaan"]
[Result "1-0"]
[WhiteElo "1225"]
[BlackElo "1262"]
[PlyCount "237"]
[EventDate "2020.06.04"]
[WhiteTeam "Leicestershire Juniors 2"]
[BlackTeam "Watford 3"]

1. e4 e5 2. Nf3 Nc6 3. Bc4 Bc5 4. c3 d6 5. d4 Bb6 6. d5 Na5 7. Qa4+ Bd7 8. Bb5
c6 9. dxc6 bxc6 10. Bd3 Nf6 11. b4 Nb7 12. O-O O-O 13. Be3 Bxe3 14. fxe3 Qe7
15. Ba6 Be8 16. Bxb7 Qxb7 17. Nbd2 c5 18. Qb3 Nxe4 19. Nxe4 Qxe4 20. bxc5 dxc5
21. Qa3 Qxe3+ 22. Kh1 e4 23. Rfe1 Qf2 24. Rxe4 Rd8 25. Rc4 Bb5 26. Rxc5 Bd3 27.
Rg5 h6 28. Rg3 Qe3 29. Nd4 Qf2 30. Rxd3 Rfe8 31. Rdd1 Rd5 32. Qxa7 Rg5 33. Rg1
Qb2 34. Nf3 Rf5 35. Rab1 Qxc3 36. Rgc1 Qd3 37. Rb3 Qd5 38. Rb8 Rxb8 39. Qxb8+
Kh7 40. a4 Qa5 41. Ra1 Qc3 42. Qb1 g6 43. a5 Rf6 44. a6 Rxf3 45. gxf3 Qxf3+ 46.
Kg1 Qg4+ 47. Kf1 Qf4+ 48. Ke1 Qxh2 49. a7 Qh1+ 50. Kd2 Qg2+ 51. Kc1 Qh1+ 52.
Kb2 Qg2+ 53. Qc2 Qb7+ 54. Kc1 Qh1+ 55. Qd1 Qc6+ 56. Kb1 Qb7+ 57. Ka2 Qa6+ 58.
Kb1 Qb7+ 59. Kc1 Qc6+ 60. Qc2 Qh1+ 61. Kb2 Qb7+ 62. Kc3 Qc7+ 63. Kd3 Qd6+ 64.
Ke3 Qe5+ 65. Kf2 Qf4+ 66. Kg1 Qg3+ 67. Kh1 Qf3+ 68. Qg2 Qh5+ 69. Kg1 Qc5+ 70.
Qf2 Qg5+ 71. Kf1 Qb5+ 72. Kg2 Qd5+ 73. Qf3 Qd2+ 74. Kg3 Qd6+ 75. Qf4 Qd3+ 76.
Kg4 h5+ 77. Kg5 Qd5+ 78. Kf6 Qe6+ 79. Kg5 Qe7+ 80. Qf6 Qe3+ 81. Kh4 Qe4+ 82.
Kg3 Qe3+ 83. Qf3 Qe5+ 84. Kf2 Qd4+ 85. Qe3 Qxa1 86. Qe7 Qa2+ 87. Ke3 Qb3+ 88.
Kd4 Qa4+ 89. Kc5 Qa5+ 90. Kc6 Qa6+ 91. Kd7 Qb7+ 92. Kd8 Qb6+ 93. Kc8 Qc6+ 94.
Qc7 Qe6+ 95. Kb8 Qb3+ 96. Ka8 Qf3+ 97. Qb7 Qxb7+ 98. Kxb7 h4 99. a8=Q g5 100.
Qa5 Kh6 101. Qb6+ Kh5 102. Qf6 h3 103. Qxf7+ Kh4 104. Qh7+ Kg4 105. Qe4+ Kh5
106. Qh1 Kh4 107. Kc6 g4 108. Kd5 g3 109. Qe4+ Kg5 110. Qf3 h2 111. Qxg3+ Kf6
112. Qxh2 Kg5 113. Qf2 Kh5 114. Qg3 Kh6 115. Qg4 Kh7 116. Kd6 Kh6 117. Ke6 Kh7
118. Kf7 Kh6 119. Qg6# 1-0

[Event "Junior Online 4NCL Division 4"]
[Site "online"]
[Date "2020.06.04"]
[Round "8.34"]
[White "Keerthi Kumar, Advait"]
[Black "Masood, Rameen"]
[Result "1-0"]
[WhiteElo "1202"]
[BlackElo "1097"]
[PlyCount "63"]
[EventDate "2020.06.04"]
[WhiteTeam "Watford 3"]
[BlackTeam "Leicestershire Juniors 2"]

1. e4 e6 2. d4 d5 3. e5 Nc6 4. Nf3 f6 5. Bd3 Bb4+ 6. c3 Ba5 7. O-O Bd7 8. Nbd2
Qe7 9. Re1 O-O-O 10. b4 Bb6 11. a4 g5 12. a5 g4 13. axb6 cxb6 14. Nh4 Nh6 15.
b5 Nb8 16. g3 Qg7 17. c4 f5 18. cxd5 exd5 19. Qc2+ Bc6 20. bxc6 Nxc6 21. Bb5
Qc7 22. Bxc6 Qxc6 23. Qxc6+ bxc6 24. Rxa7 Kb8 25. Rg7 c5 26. dxc5 bxc5 27. Nb3
c4 28. Nd4 Rc8 29. Bxh6 c3 30. e6 c2 31. Bf4+ Ka8 32. Ra1# 1-0

[Event "Junior Online 4NCL Division 4"]
[Site "online"]
[Date "2020.06.04"]
[Round "8.35"]
[White "Tathare, Rohan"]
[Black "Cimurs, Alexander"]
[Result "0-1"]
[WhiteElo "1285"]
[BlackElo "1337"]
[PlyCount "42"]
[EventDate "2020.06.04"]
[WhiteTeam "Watford 3"]
[BlackTeam "Leicestershire Juniors 2"]

1. d4 d5 2. c4 c6 3. Nc3 Nf6 4. Bg5 h6 5. Bh4 Bf5 6. Nf3 Bg4 7. e3 g5 8. Bg3
Nbd7 9. Bd3 c5 10. dxc5 Nxc5 11. Be5 Bg7 12. h3 Bxf3 13. Qxf3 Nxd3+ 14. Ke2
Nxe5 15. Qf5 Nh7 16. Nxd5 Nxc4 17. Rhd1 Qb8 18. Qe4 Ne5 19. f4 gxf4 20. exf4
Nf6 21. fxe5 Nxe4 0-1

[Event "Junior Online 4NCL Division 4"]
[Site "online"]
[Date "2020.06.04"]
[Round "8.36"]
[White "Datoo, Noor"]
[Black "George, Seb"]
[Result "0-1"]
[WhiteElo "1307"]
[BlackElo "1285"]
[PlyCount "180"]
[EventDate "2020.06.04"]
[WhiteTeam "Leicestershire Juniors 2"]
[BlackTeam "Watford 3"]

1. e4 e5 2. Nf3 Nf6 3. Nc3 Nc6 4. Bc4 Nxe4 5. Nxe4 d5 6. Bxd5 Qxd5 7. Nc3 Qd8
8. d3 Bc5 9. Be3 Bb6 10. Qd2 O-O 11. O-O-O f5 12. g3 f4 13. gxf4 Bg4 14. Qe2
exf4 15. h3 Bxf3 16. Qxf3 fxe3 17. Qg3 exf2 18. Rdf1 Nd4 19. Kd2 Nf5 20. Qe5
Qg5+ 21. Kd1 Ne3+ 22. Qxe3 Qxe3 23. Nd5 Qf3+ 24. Kd2 Qxd5 25. Ke2 Qe5+ 26. Kd1
Qe1+ 27. Rxe1 fxe1=Q+ 28. Rxe1 Rf3 29. h4 Bf2 30. Rh1 Bxh4 31. Rxh4 Re8 32. Kd2
g5 33. Rg4 h6 34. Ra4 Rf2+ 35. Kc3 Ree2 36. Rxa7 Rxc2+ 37. Kd4 Rxb2 38. Ra8+
Kf7 39. Rc8 c6 40. Rc7+ Ke6 41. Rh7 Rxa2 42. Rxh6+ Rf6 43. Rh7 Rf4+ 44. Kc5
Ra5+ 45. Kb6 Rb5+ 46. Kc7 Rf7+ 47. Rxf7 Kxf7 48. Kd8 Rd5+ 49. Kc8 Rxd3 50. Kxb7
c5 51. Kb6 c4 52. Kb5 c3 53. Kb4 c2 54. Kc4 c1=Q+ 55. Kxd3 Qf4 56. Ke2 Ke6 57.
Kd3 Kd5 58. Ke2 Qg3 59. Kd2 Qf3 60. Kc2 Qe3 61. Kd1 Qf2 62. Kc1 Ke4 63. Kb1 Kf4
64. Kc1 Kg4 65. Kd1 Qd4+ 66. Kc1 Qc3+ 67. Kd1 Qb2 68. Ke1 Qc2 69. Kf1 Qf2+ 70.
Kxf2 Kf4 71. Kg2 Kg4 72. Kf2 Kh3 73. Kg1 Kg3 74. Kf1 Kh2 75. Kf2 g4 76. Kf1 g3
77. Ke1 g2 78. Kf2 g1=Q+ 79. Ke2 Kg3 80. Kd2 Qd4+ 81. Kc2 Qe3 82. Kb2 Kf2 83.
Kc2 Ke1 84. Kb2 Qd3 85. Ka2 Qc3 86. Kb1 Qd2 87. Ka1 Ke2 88. Kb1 Kd3 89. Ka1 Kc3
90. Kb1 Qb2# 0-1

[Event "Junior Online 4NCL Division 4"]
[Site "online"]
[Date "2020.06.04"]
[Round "8.37"]
[White "Chadha, Ishaan"]
[Black "Eradi, Madhav"]
[Result "0-1"]
[WhiteElo "1262"]
[BlackElo "1225"]
[PlyCount "58"]
[EventDate "2020.06.04"]
[WhiteTeam "Watford 3"]
[BlackTeam "Leicestershire Juniors 2"]

1. d4 d5 2. c4 c6 3. Nc3 Nf6 4. Bf4 Bf5 5. e3 e6 6. a3 Be7 7. Nf3 O-O 8. Bd3
Bg4 9. h3 Bh5 10. g4 Bg6 11. Bxg6 hxg6 12. Qc2 Bd6 13. O-O-O Bxf4 14. exf4 dxc4
15. g5 Nh5 16. Qa4 b5 17. Qa6 Nxa6 18. Ne5 Nxf4 19. Nxc6 Qc7 20. Ne5 Rab8 21.
Ne4 Rfd8 22. Rhg1 Ne2+ 23. Kb1 Nxg1 24. Rxg1 Rxd4 25. Nc3 Qxe5 26. Nd1 Rxd1+
27. Ka2 Rxg1 28. f3 Rg2 29. f4 Qxb2# 0-1

[Event "Junior Online 4NCL Division 4"]
[Site "online"]
[Date "2020.06.04"]
[Round "8.38"]
[White "Masood, Rameen"]
[Black "Keerthi Kumar, Advait"]
[Result "1-0"]
[WhiteElo "1097"]
[BlackElo "1202"]
[PlyCount "87"]
[EventDate "2020.06.04"]
[WhiteTeam "Leicestershire Juniors 2"]
[BlackTeam "Watford 3"]

1. e4 e5 2. Nf3 Nc6 3. Nc3 Nf6 4. d4 exd4 5. Nxd4 Nxd4 6. Qxd4 b6 7. Bc4 Be7 8.
O-O O-O 9. e5 Bc5 10. Qd3 Ng4 11. Qf5 d5 12. Qf4 dxc4 13. Qxc4 Qh4 14. h3 Nxf2
15. Qxh4 Nxh3+ 16. Kh2 Nf2 17. Rxf2 Bxf2 18. Qxf2 Be6 19. Qg3 Rad8 20. Bh6 g6
21. Ne4 Kh8 22. Bxf8 Rxf8 23. Ng5 Bc8 24. Qh4 h5 25. g4 Bxg4 26. Rg1 Bf5 27.
Rf1 Kg7 28. Kg3 Bg4 29. Rf4 Bf5 30. Rxf5 gxf5 31. Qxh5 Rh8 32. Qf3 Kg6 33. Nh3
Kg7 34. Qxf5 Kf8 35. Ng5 Ke8 36. Qxf7+ Kd8 37. e6 Kc8 38. e7 Kb7 39. e8=Q Rxe8
40. Qxe8 a6 41. Ne6 a5 42. Qd8 b5 43. Qxc7+ Ka6 44. Nc5# 1-0

[Event "Junior Online 4NCL Division 4"]
[Site "online"]
[Date "2020.06.04"]
[Round "8.41"]
[White "Walker, Daniel"]
[Black "Chen, Olivia"]
[Result "1-0"]
[WhiteElo "1382"]
[BlackElo "1375"]
[PlyCount "35"]
[EventDate "2020.06.04"]
[WhiteTeam "Robin Hoods 2"]
[BlackTeam "Warwickshire Bears D"]

1. d4 e6 2. Nc3 d5 3. Bf4 Nf6 4. e3 c5 5. Nb5 Na6 6. c3 Bd7 7. Nf3 Rc8 8. Nxa7
Ra8 9. Nb5 Qb6 10. a4 cxd4 11. exd4 Be7 12. Bd3 Ne4 13. Ne5 Rd8 14. a5 Qxb5 15.
Bxb5 Bxb5 16. Qb3 Bc4 17. Nxc4 dxc4 18. Qxb7 1-0

[Event "Junior Online 4NCL Division 4"]
[Site "online"]
[Date "2020.06.04"]
[Round "8.42"]
[White "Sastry, Shriya"]
[Black "Wood, Ethan"]
[Result "1-0"]
[WhiteElo "1322"]
[BlackElo "1352"]
[PlyCount "61"]
[EventDate "2020.06.04"]
[WhiteTeam "Warwickshire Bears D"]
[BlackTeam "Robin Hoods 2"]

1. e4 e5 2. Nf3 Nc6 3. Bc4 Bc5 4. Nc3 Nf6 5. d3 O-O 6. O-O d6 7. h3 a6 8. Bg5
b5 9. Bd5 Bb7 10. Re1 Rb8 11. a3 Qe8 12. Bxf6 gxf6 13. Nh4 Nd4 14. Bxb7 Rxb7
15. Rc1 Qd8 16. Qg4+ Kh8 17. Nf5 Rg8 18. Qh5 Nxf5 19. Qxf5 Qe7 20. b4 Bd4 21.
Nd5 Qd8 22. Nxf6 Rg6 23. Nd5 c6 24. Ne3 Bc3 25. Red1 Bb2 26. Rb1 Bxa3 27. Rb3
Rf6 28. Qg5 Bxb4 29. Rxb4 c5 30. Rbb1 Qe7 31. Nd5 1-0

[Event "Junior Online 4NCL Division 4"]
[Site "online"]
[Date "2020.06.04"]
[Round "8.43"]
[White "Golding, James"]
[Black "Vaidyanathan, Adithya"]
[Result "0-1"]
[WhiteElo "1337"]
[BlackElo "1315"]
[PlyCount "96"]
[EventDate "2020.06.04"]
[WhiteTeam "Robin Hoods 2"]
[BlackTeam "Warwickshire Bears D"]

1. e4 c5 2. Nc3 b6 3. f4 Bb7 4. d3 Nc6 5. Nf3 e6 6. Be2 d5 7. exd5 exd5 8. O-O
d4 9. Ne4 Nge7 10. Nfg5 Ng6 11. Bh5 Be7 12. Qg4 O-O 13. f5 Nge5 14. Qf4 Bxg5
15. Qxg5 Qxg5 16. Nxg5 f6 17. Ne6 Rfc8 18. Nf4 Nb4 19. c3 Nbxd3 20. Nxd3 Nxd3
21. Be2 Nf4 22. Bf3 Bxf3 23. Rxf3 Ne2+ 24. Kf1 Nxc1 25. Rxc1 Rd8 26. cxd4 Rxd4
27. Re3 Rad8 28. Re7 Rd2 29. Ke1 Rxb2 30. Rxa7 Rxg2 31. Rb7 Rd6 32. Rb8+ Kf7
33. Rb7+ Ke8 34. Rb8+ Kd7 35. Rb7+ Kc6 36. Rb8 h6 37. Rc8+ Kb7 38. Rg8 Rd5 39.
Rxg7+ Rxg7 40. Kf2 Rxf5+ 41. Ke2 Re7+ 42. Kd2 Rd5+ 43. Kc2 Re4 44. Kb2 Rb4+ 45.
Ka1 Rd2 46. a3 Rbb2 47. a4 Ra2+ 48. Kb1 Rdb2# 0-1

[Event "Junior Online 4NCL Division 4"]
[Site "online"]
[Date "2020.06.04"]
[Round "8.44"]
[White "Sagyaman, Vassily M"]
[Black "Wang, Nathaniel"]
[Result "1-0"]
[WhiteElo "1232"]
[BlackElo "1202"]
[PlyCount "47"]
[EventDate "2020.06.04"]
[WhiteTeam "Warwickshire Bears D"]
[BlackTeam "Robin Hoods 2"]

1. e4 c5 2. Nf3 d6 3. Bc4 Nf6 4. d3 g6 5. c3 Bg7 6. Bf4 O-O 7. O-O Nc6 8. d4 d5
9. exd5 Nxd5 10. Qc1 Re8 11. Bg3 e5 12. dxe5 Bxe5 13. Nxe5 Nxe5 14. Bxd5 Qxd5
15. Qh6 b6 16. Bh4 Bb7 17. f3 Re6 18. Nd2 Ba6 19. Ne4 Nd7 20. Rad1 Qc6 21. Rxd7
Qxd7 22. Nf6+ Rxf6 23. Bxf6 Bxf1 24. Qg7# 1-0

[Event "Junior Online 4NCL Division 4"]
[Site "online"]
[Date "2020.06.04"]
[Round "8.45"]
[White "Chen, Olivia"]
[Black "Walker, Daniel"]
[Result "0-1"]
[WhiteElo "1375"]
[BlackElo "1382"]
[PlyCount "94"]
[EventDate "2020.06.04"]
[WhiteTeam "Warwickshire Bears D"]
[BlackTeam "Robin Hoods 2"]

1. d4 d5 2. Nf3 Nc6 3. e3 Bf5 4. c4 e6 5. Nc3 Nf6 6. Bd2 Bd6 7. Qb3 Nb4 8. Qa4+
Qd7 9. Qxd7+ Nxd7 10. Rc1 dxc4 11. Bxc4 Nd3+ 12. Bxd3 Bxd3 13. e4 c5 14. dxc5
Nxc5 15. e5 Be7 16. Nb5 Bxb5 17. Kd1 O-O 18. Nd4 Ba6 19. b4 Nd3 20. b5 Nxc1 21.
Kxc1 Rac8+ 22. Kd1 Bc5 23. bxa6 Bxd4 24. axb7 Rc7 25. Bb4 Rd8 26. Ba5 Bb6+ 27.
Bd2 Rxb7 28. Ke2 Rbd7 29. Bg5 Rc8 30. Kf3 Rdc7 31. Rd1 Rc3+ 32. Kg4 h6 33. Bxh6
gxh6 34. Kh5 Kh7 35. Rd7 Kg7 36. g4 R3c7 37. Rd4 Rc4 38. Rd6 Rf4 39. h4 Rcc4
40. f3 Rxf3 41. a4 Rff4 42. a5 Bxa5 43. Rd7 Bb6 44. Re7 Rxg4 45. Rxf7+ Kxf7 46.
Kxh6 Rxh4+ 47. Kg5 Rcg4# 0-1

[Event "Junior Online 4NCL Division 4"]
[Site "online"]
[Date "2020.06.04"]
[Round "8.46"]
[White "Wood, Ethan"]
[Black "Sastry, Shriya"]
[Result "0-1"]
[WhiteElo "1352"]
[BlackElo "1322"]
[PlyCount "70"]
[EventDate "2020.06.04"]
[WhiteTeam "Robin Hoods 2"]
[BlackTeam "Warwickshire Bears D"]

1. e4 e5 2. Nf3 Nc6 3. Bb5 d6 4. Nc3 Bd7 5. Be2 Nf6 6. O-O Be7 7. d3 h6 8. Be3
O-O 9. a4 a5 10. b3 b6 11. h3 Re8 12. Re1 Be6 13. Rc1 d5 14. exd5 Nxd5 15. Nb5
Nxe3 16. fxe3 Qd7 17. Nc3 Bb4 18. Qd2 f6 19. e4 Nd4 20. Kh1 Nxf3 21. Bxf3 Qc6
22. Qf2 Bxc3 23. Rf1 Bd4 24. Qd2 Qc5 25. Bh5 Be3 26. Qe1 Bxc1 27. Qxc1 Red8 28.
c4 Rxd3 29. Qc2 Rdd8 30. Qc3 Qd4 31. Qc2 Qd3 32. Qf2 Qxe4 33. Bf3 Qd3 34. Rd1
Qxb3 35. Rxd8+ Rxd8 0-1

[Event "Junior Online 4NCL Division 4"]
[Site "online"]
[Date "2020.06.04"]
[Round "8.47"]
[White "Vaidyanathan, Adithya"]
[Black "Golding, James"]
[Result "0-1"]
[WhiteElo "1315"]
[BlackElo "1337"]
[PlyCount "26"]
[EventDate "2020.06.04"]
[WhiteTeam "Warwickshire Bears D"]
[BlackTeam "Robin Hoods 2"]

1. c4 c5 2. b3 b6 3. Bb2 Bb7 4. Nc3 Nc6 5. e4 e5 6. d3 f6 7. Be2 Bd6 8. Nd5
Nge7 9. Nxe7 Qxe7 10. Nf3 Nd4 11. Nxd4 exd4 12. O-O Qe5 13. Bf3 Qxh2# 0-1